Танго втроем
| Hovedforfatter: | |
|---|---|
| Sprog: | russisk |
| Udgivet: |
Москва, ЭКСМО-Пресс, 2000
|
| Fag: | |
| Format: | MixedMaterials Bog |
| KOHA link: | https://koha.lib.tpu.ru/cgi-bin/koha/opac-detail.pl?biblionumber=22215 |
MARC
| LEADER | 00000nam0a2200000 4500 | ||
|---|---|---|---|
| 001 | 22215 | ||
| 005 | 20231030194554.0 | ||
| 010 | |a 5040043805 | ||
| 035 | |a (RuTPU)RU\TPU\book\22427 | ||
| 035 | |a BOOK00000189 | ||
| 090 | |a 22215 | ||
| 100 | |a 20011209d2000 m y0rusy50 ca | ||
| 101 | 0 | |a rus | |
| 102 | |a RU | ||
| 105 | |a y z 000ay | ||
| 200 | 1 | |a Танго втроем |f С. В. Соболев | |
| 210 | |a Москва |c ЭКСМО-Пресс |d 2000 | ||
| 215 | |a 432 с. | ||
| 610 | 1 | |a детективы | |
| 675 | |a Р2 |v 3 | ||
| 700 | 1 | |a Соболев |b С. В. |g Сергей Викторович | |
| 801 | 0 | |a RU |b 63413507 |c 20011209 |g PSBO | |
| 801 | 2 | |a RU |b 63413507 |c 20060222 |g PSBO | |
| 942 | |c BK | ||